New pattern SSC CGL: (Record no. 11665)

MARC details
000 -LEADER
fixed length control field 00406nam a22001577a 4500
005 - DATE AND TIME OF LATEST TRANSACTION
control field 20230927133928.0
008 - FIXED-LENGTH DATA ELEMENTS--GENERAL INFORMATION
fixed length control field 230927b ||||| |||| 00| 0 eng d
020 ## - INTERNATIONAL STANDARD BOOK NUMBER
International Standard Book Number 9789327194074
040 ## - CATALOGING SOURCE
Original cataloging agency IN-DiNC
Transcribing agency IN-DiNC
041 ## - LANGUAGE CODE
Language code of sung or spoken text English
082 ## - DEWEY DECIMAL CLASSIFICATION NUMBER
Classification number 030
Item number NEW
245 ## - TITLE STATEMENT
Title New pattern SSC CGL:
Remainder of title tier-II exam
260 ## - PUBLICATION, DISTRIBUTION, ETC.
Place of publication, distribution, etc. New Delhi:
Name of publisher, distributor, etc. Arihant,
650 ## - SUBJECT ADDED ENTRY--TOPICAL TERM
Topical term or geographic name entry element SSC graduate level tier- II exam
942 ## - ADDED ENTRY ELEMENTS (KOHA)
Source of classification or shelving scheme Dewey Decimal Classification
Koha item type Books
Holdings
Withdrawn status Lost status Source of classification or shelving scheme Damaged status Not for loan Collection code Home library Current library Shelving location Date acquired Cost, normal purchase price Total Checkouts Full call number Barcode Date last seen Date last checked out Copy number Price effective from Koha item type
    Dewey Decimal Classification     General Collection Naharkatiya College Library Naharkatiya College Library General Stacks 27/09/2023 485.00 2 030 NEW 29396 02/02/2026 21/01/2026 1 27/09/2023 Books

Naharkatiya College © 2020. All rights reserved.

Powered By